La Universidad Nacional y los problemas nacionales : V. 3 : política y estado /

Na minha lista:
Detalhes bibliográficos
Autor principal: Carpizo, Jorge (coordinación)
Formato: Livro
Idioma:espanhol
Publicado em: México : UNAM, 1979, c1979
Tags: Adicionar Tag
Sem tags, seja o primeiro a adicionar uma tag!

MARC

LEADER 00000nam^a2200000^a^4500
001 000431454
005 20250526000000.0
009 20260310122950.08
020 |a 968-58-2681-1 
037 |a Acervo ITESO - Biblioteca 
041 |a ESP 
091 |a FHM. 05535 
100 |a Carpizo, Jorge  |e (coordinación) 
245 1 3 |a La Universidad Nacional y los problemas nacionales :  |b V. 3 : política y estado / 
264 4 |a México :  |b UNAM,  |c 1979, c1979 
300 |a 396 p. ;  |c 31.0 cm. 
336 |a texto  |b txt  |2 rdacontenido 
337 |a sin mediación  |b n  |2 rdamedio 
338 |a volumen  |b nc  |2 rdasoporte 
649 |a XX 
910 |a Fondo Hugo B. Margáin 
920 |a Impresos - Libros 
930 |a Libros Antiguos y Raros 
905 |a 126 
901 |a 0500302464  |b IT2  |c LRA  |i D116100  |u 20250526 
902 |a https://opac.biblio.iteso.mx/vufind/Record/000431454